Al alba de las emociones: respiración y manejo de las emociones

-д хадгалсан:
Номзүйн дэлгэрэнгүй
Үндсэн зохиолч: Bloch Arendt, Susana (Зохиогч)
Формат: Ном
Хэл сонгох:испани
Хэвлэсэн: Santiago Uqbar 2009
Хэвлэл:1a. ed
Нөхцлүүд:
Шошгууд: Шошго нэмэх
Шошго байхгүй, Энэхүү баримтыг шошголох эхний хүн болох!

MARC

LEADER 00000cam a2200000 a 4500
001 UCE4469
003 CL-VaPUC
008 141023e20090900cl |||||||||||||||||spa|d
020 |a 9789568601058 
082 0 4 |a 152.4  |b BLO  |2 21 
100 0 |a Bloch Arendt, Susana  |e author  |9 577031 
245 1 3 |a Al alba de las emociones: respiración y manejo de las emociones 
250 |a 1a. ed 
300 |a 284 p 
942 |c BK 
945 |d 20141023 15:21:00  |a arojas 
260 |a Santiago  |b Uqbar  |c 2009 
650 0 |a Emociones   |9 265224 
650 0 |a Lenguaje corporal  |9 308592 
650 0 |a Psicología aplicada   |9 270762 
650 0 |a Respiración   |9 343794 
583 |a last modification  |c 20141023 15:21:00  |k Rodrigo Vera 
999 |c 357419  |d 357417 
952 |0 0  |1 0  |3 erb  |4 0  |6 152_400000000000000_BLO_2009  |7 0  |8 A  |9 465395  |a BIBEDU  |b BIBEDU  |i 5121221  |l 1  |o 152.4 BLO 2009  |p 5121221  |r 2023-11-07  |s 2023-10-30  |w 2019-11-23  |y BK  |z Catalogado en:20141023  |k PSI